Obálka Náhled e-knihy:
Epub
Pro půjčování e-knih musíte být přihlášeni.
Jak si půjčit online?

Toulky s tátou /

Fiktivní román se silnými autobiografickými prvky, jehož páteří je cesta dospělého syna se stárnoucím otcem do Ameriky - cesta za dávným snem, za domnělým ideálem svobody a za místy známými z milovaných knih, které oba hlavní aktéry formovaly.

Uloženo v:
Hlavní autor: Wollner, Marek, 1967- (Autor)
Médium: E-kniha
Jazyk:Czech
Vydáno: V Praze : Bourdon, 2026
Vydání:Vydání první
Témata:
Tagy:
Žádné tagy
LEADER 02596nam a2200361 i 4500
001 299254
003 CZ PrSKC
005 20260428063159.0
007 ta
008 260313s2026 xr a g 000 f cze
015 |a cnb003740070 
020 |a 9788076113671  |q (vázáno) 
040 |a ABG001  |b cze  |e rda 
072 7 |a 821.162.3-3  |x Česká próza  |2 Konspekt 
080 |a 821.162.3-31  |2 MRF 
080 |a (0:82-31)  |2 MRF 
100 1 |a Wollner, Marek,  |d 1967-  |7 xx0023588  |4 aut 
245 1 0 |a Toulky s tátou /  |c Marek Wollner 
250 |a Vydání první 
264 1 |a V Praze :  |b Bourdon,  |c 2026 
300 |a 314 stran :  |b ilustrace;  |c 16 cm 
336 |a text  |b txt  |2 rdacontent 
337 |a bez média  |b n  |2 rdamedia 
338 |a svazek  |b nc  |2 rdacarrier 
520 2 |a Fiktivní román se silnými autobiografickými prvky, jehož páteří je cesta dospělého syna se stárnoucím otcem do Ameriky - cesta za dávným snem, za domnělým ideálem svobody a za místy známými z milovaných knih, které oba hlavní aktéry formovaly.  |b Nejde o pouhý výlet, ale o výpravu do dříve nedosažitelných dálek, jejímž skutečným smyslem se ukazuje být hledání cesty k sobě navzájem i návrat k rodinné paměti a dlouho umlčovaným otázkám. Epizody z cesty se skládají jako snímky ve starém albu. Otevírají staré křivdy, zděděná traumata a pozvolna, nenápadně směřují k porozumění a sblížení. Román sleduje radosti i tíhu proměňujícího se vztahu mezi rodiči a dětmi v různých fázích života a citlivě se dotýká témat stárnutí, křehkosti osobního štěstí i odpovědnosti jednotlivce vůči těm nejbližším. Vypravěč propojuje osobní a rodinný příběh s literárními souvislostmi, vhledem do dějin i nenásilnou reflexí současného světa. Text tak nabývá vrstevnatosti, nesené obrazným jazykem, jemnou ironií a občasným vkusným sarkasmem. Kniha o paměti, cestě a pozdním smíření - s druhými i se sebou samým. Nakladatelská anotace. Kráceno. 
655 7 |a české romány  |7 fd133974  |2 czenas 
655 9 |a Czech fiction  |2 eczenas 
710 2 |a Bourdon (nakladatelství)  |7 xx0221004  |4 pbl 
900 |a ABG001  |b 18 
044 |a xr 
910 |a RBIT002 
998 |d 425440  |a https://core.palmknihy.cz/api/books/425440/cover?tbseco  |b https://core.palmknihy.cz/api/books/425440/cover/400?tbseco  |c https://core.palmknihy.cz/api/books/425440/cover/50?tbseco  |e 2026-12-31  |g 320  |i 9788076113671  |j https://core.palmknihy.cz/api/books/425440/preview.epub  |l   |q 49  |r 1  |s https://www.palmknihy.cz/kniha/425440  |t ebook  |y 2026  |z 0 
999 |d 299252